000
00469nam a2200145Ia 4500
008
100122s9999 xx 000 0 und d
082
_b
16446
_a
823.08
100
_a
दसनूरकर स्नेहलता
245
_a
प्रियदर्शिनी
260
_b
ज्ञानदा प्रकाशन
_c
1970
300
_a
175
630
_a
प्रियदर्शिनी
730
_a
प्रियदर्शिनी
942
_c
BOOK
999
_c
406391
_d
406388